Pokémon - Attacken von Tauboss in SD/LP - Statistiken

Allgemein
  • Dieses Quiz wurde 4 mal gespielt
  • Das Durchschnittsergebnis liegt bei 23 aus 37
Antwortstatistiken
Antwort % Korrekt
Aero-Ass
100%
Agilität
100%
Fliegen
100%
Flügelschlag
100%
Luftschnitt
100%
Orkan
100%
Ruheort
100%
Sandwirbel
100%
Stahlflügel
100%
Tackle
100%
Windhose
100%
Windschnitt
100%
Windstoß
100%
Auflockern
67%
Delegator
67%
Doppelteam
67%
Erholung
67%
Fassade
67%
Kehrtwende
67%
Regentanz
67%
Schlafrede
67%
Schutzschild
67%
Sonnentag
67%
Angeberei
33%
Anziehung
33%
Daunenreigen
33%
Kraftschub
33%
Pflücker
33%
Raub
33%
Rückenwind
33%
Ruckzuckhieb
33%
Sturzflug
33%
Wirbelwind
33%
Aufruhr
0%
Ausdauer
0%
Gigastoß
0%
Hyperstrahl
0%
Keine übereinstimmenden Quizze gefunden
Verteilung der Resultate
Anzahl Personen mit jedem Resultat
Perzentil nach korrekt beantworteten Fragen
Ihre Resultats-Entwicklung
Sie haben dieses Quiz noch nicht gespielt